000 00546nam a2200205Ia 4500
005 20250923145056.0
008 008 250917s9999 xx 000 0 eng d
037 _aTextual
040 _aDSWL
_beng
_cDSWL
041 _aeng
_2eng
084 _aY72
_qDSWL
100 _aBelshaw, C.S.
_9831536
245 0 _aUnder the Ivi Tree
_cby C.S. Belshaw
260 _aLondon
_bRoutledge & Kegan Paul Ltd.
_c1964
300 _axi,162p.
365 _aINR
_b45
925 _g45
942 _cTEXL
_hY72
999 _c1446803
_d1446803